|
|
|
|
| LEADER |
00000cam a2200000 c 4500 |
| 001 |
021259690 |
| 003 |
DE-627 |
| 005 |
20251219204715.0 |
| 007 |
tu |
| 008 |
851202s1973 xxu||||| 00| ||eng c |
| 010 |
|
|
|a 72005392
|
| 020 |
|
|
|a 0691075506
|9 0-691-07550-6
|
| 035 |
|
|
|a (DE-627)021259690
|
| 035 |
|
|
|a (DE-576)051181525
|
| 035 |
|
|
|a (DE-599)GBV021259690
|
| 035 |
|
|
|a (OCoLC)664821
|
| 035 |
|
|
|a (OCoLC)00664821
|
| 035 |
|
|
|a (DE-604)8115109250
|
| 040 |
|
|
|a DE-627
|b ger
|c DE-627
|e rakwb
|
| 041 |
|
|
|a eng
|
| 044 |
|
|
|c XD-US
|
| 050 |
|
0 |
|a D16
|
| 082 |
0 |
|
|a 519.5/02/497
|q LOC
|
| 084 |
|
|
|a NB 3300
|2 rvk
|0 (DE-625)rvk/124081:
|
| 084 |
|
|
|a NB 5100
|2 rvk
|0 (DE-625)rvk/124119:
|
| 084 |
|
|
|a BO 1270
|2 rvk
|0 (DE-625)rvk/13942:
|
| 084 |
|
|
|a NB 2800
|2 rvk
|0 (DE-625)rvk/124077:
|
| 100 |
1 |
|
|8 1\p
|0 (DE-588)17001715X
|0 (DE-627)060024658
|0 (DE-576)130933392
|4 aut
|a Floud, Roderick
|d 1942-
|
| 109 |
|
|
|a Floud, Roderick 1942-
|a Floud, R. C. 1942-
|
| 191 |
|
|
|a 1
|
| 245 |
1 |
3 |
|a An introduction to quantitative methods for historians
|c Roderick Floud
|
| 264 |
|
1 |
|a Princeton, N.J.
|b Princeton Univ. Press
|c 1973
|
| 300 |
|
|
|a IX, 220 S
|b graph. Darst
|
| 336 |
|
|
|a Text
|b txt
|2 rdacontent
|
| 337 |
|
|
|a ohne Hilfsmittel zu benutzen
|b n
|2 rdamedia
|
| 338 |
|
|
|a Band
|b nc
|2 rdacarrier
|
| 500 |
|
|
|a Literaturverz. S. [209] - 211
|
| 583 |
1 |
|
|a Archivierung prüfen
|c 20200919
|f DE-640
|z 3
|2 pdager
|
| 583 |
1 |
|
|a Archivierung prüfen
|c 20240324
|f DE-4165
|z 2
|2 pdager
|
| 650 |
|
0 |
|a History
|x Statistical methods
|
| 689 |
0 |
0 |
|d s
|0 (DE-588)4020535-6
|0 (DE-627)106317679
|0 (DE-576)208933794
|2 gnd
|a Geschichtswissenschaft
|
| 689 |
0 |
1 |
|d s
|0 (DE-588)4038971-6
|0 (DE-627)106230158
|0 (DE-576)209032642
|2 gnd
|a Methode
|
| 689 |
0 |
|
|5 (DE-627)
|
| 856 |
4 |
2 |
|u http://www.loc.gov/catdir/enhancements/fy1513/72005392-d.html
|v 2015-08-31
|x Verlag
|3 Verlagsangaben
|7 1
|
| 883 |
|
|
|8 1\p
|a cgwrk
|d 20241001
|q DE-101
|u https://d-nb.info/provenance/plan#cgwrk
|
| 935 |
|
|
|a mteo
|
| 935 |
|
|
|i Blocktest
|
| 936 |
r |
v |
|a NB 3300
|b Einzelbeiträge
|k Geschichte
|k Geschichte als Wissenschaft und Unterrichtsfach
|k Geschichtsphilosophie
|k Einzelbeiträge
|0 (DE-627)1271444232
|0 (DE-625)rvk/124081:
|0 (DE-576)201444232
|
| 936 |
r |
v |
|a NB 5100
|b Allgemeines
|k Geschichte
|k Geschichte als Wissenschaft und Unterrichtsfach
|k Geschichte der Geschichtsschreibung und der Geschichtswissenschaft
|k Allgemeines
|0 (DE-627)1271444380
|0 (DE-625)rvk/124119:
|0 (DE-576)201444380
|
| 936 |
r |
v |
|a BO 1270
|b Einführung in das Studium der Patrologie und Kirchengeschichte, Methodologie
|k Theologie und Religionswissenschaften
|k Patrologie und Kirchengeschichte
|k Studium der Kirchengeschichte und Historiographie
|k Einführung in das Studium der Patrologie und Kirchengeschichte, Methodologie
|0 (DE-627)1270743392
|0 (DE-625)rvk/13942:
|0 (DE-576)200743392
|
| 936 |
r |
v |
|a NB 2800
|b Arbeitstechniken für Historiker
|k Geschichte
|k Geschichte als Wissenschaft und Unterrichtsfach
|k Einführung in die Geschichtswissenschaft und das Studium der Geschichte
|k Arbeitstechniken für Historiker
|0 (DE-627)1271143569
|0 (DE-625)rvk/124077:
|0 (DE-576)201143569
|
| 951 |
|
|
|a BO
|
| ELC |
|
|
|b 1
|
| ITA |
|
|
|a 1
|
| LOK |
|
|
|0 000 xxxxxcx a22 zn 4500
|
| LOK |
|
|
|0 001 3111876578
|
| LOK |
|
|
|0 003 DE-627
|
| LOK |
|
|
|0 004 021259690
|
| LOK |
|
|
|0 005 20231012112726
|
| LOK |
|
|
|0 008 140716||||||||||||||||ger|||||||
|
| LOK |
|
|
|0 040
|a DE-21-106
|c DE-627
|d DE-21-106
|
| LOK |
|
|
|0 541
|e 8433/75
|
| LOK |
|
|
|0 852
|a DE-21-106
|
| LOK |
|
|
|0 852 1
|c A V Flo R
|m p
|9 00
|
| LOK |
|
|
|0 935
|a k106
|
| LOK |
|
|
|0 938
|k p
|
| LOK |
|
|
|0 939
|a 16-07-14
|b l01
|
| ORI |
|
|
|a SA-MARC-ixtheoa001.raw
|
| REF |
|
|
|a Geschichte
|
| REL |
|
|
|a 1
|
| STA |
0 |
0 |
|a Historical studies,Historical science,History,History,Method
|
| STB |
0 |
0 |
|a Histoire,Science historique,Science historique,Histoire,Méthode
|
| STC |
0 |
0 |
|a Ciencias históricas,Historia,Método
|
| STD |
0 |
0 |
|a Metodo,Storia <disciplina>,Scienze storiche,Scienze storiche
|
| STE |
0 |
0 |
|a 史学史,史学,方法,办法
|
| STF |
0 |
0 |
|a 史學史,史學,方法,辦法
|
| STG |
0 |
0 |
|a Ciências históricas,Método
|
| STH |
0 |
0 |
|a Историческая наука,Метод
|
| STI |
0 |
0 |
|a Επιστήμη της ιστορίας,Μέθοδος
|
| SUB |
|
|
|a REL
|
| SYG |
0 |
0 |
|a Geschichtsforschung,Geschichte , Methodik,Verfahren,Technik,Methoden
|